000 00346nam a2200133Ia 4500
005 20260326100035.0
008 260326s9999||||xx |||||||||||||| ||und||
100 _aNeuvillate, Alfonso
245 0 _aArt Nouveau En México /
_cAlfonso Neuvillate
260 _bInstituto Nacional de Bellas Artes
300 _a124 p.
650 _aARTE
942 _cBK
999 _c6756
_d6756